00593nam a2200205Ia 4500003000900000008004100009040001300050040001300063041000800076100001700084100000900101245002700110260002100137260000900158300000800167490000600175942000700181999001300188952018600201IT-RoPAU120407s9999 xx 000 0 und d aIT-RoPAU cIT-RoPAU aita aPedro Arrupe cs.j. aIl futuro ci travolge. aEdizioni Paoline c1975 c cm v1 cBK c182d182 00102ddc406248_20200000000000071aPAULUSbPAULUSd2012-04-11l0o248.202r2012-04-11 00:00:00w2012-04-11yBKzInserito da: Anna In data: n.d. fondo: Via A.Severo 56 Progr:12743